000 00683nam a2200217 4500
001 15718
010 _a9789897077296
021 _b452816/19
090 _a15718
100 _a20190619d2019 c y0pory50030103ba
200 1 _aO mundo incrível das profissões
_fFrancisca Cunha Rêgo
_gil. Raquel Costa
205 _a1ª ed.
210 9 _aAmadora
_cBooksmile,
_d2019
215 _a69, [1] p.
_cil.
_d26 cm
675 _a087.5
_vBN
_zpor
675 _a331(0.053.5)
_vBN
_zpor
700 1 _aRêgo,
_bFrancisca Cunha,
_f1981-
701 1 _94
_aCosta,
_bRaquel
801 0 _aPT
_bBN
_gRPC
856 4 1 _uhttp://rnod.bnportugal.gov.pt/ImagesBN/winlibimg.aspx?skey=&doc=2024301&img=127167&save=true
990 _cLIVROS